Baku/Paris

Cenzúra arménskeho spisovateľa Aikrama Aylisliho v Azerbajdžane. Reakcia francúzskych vydavateľstiev na publikovanie o udalostiach genocídy Arméncov v Azerbajdžane.

Gespeichert in:
Bibliographische Detailangaben
1. Verfasser: Kusá, Mária
Weitere Verfasser: Močková Lorková, Zuzana
Format: Buchkapitel
Sprache:Englisch
Schlagworte:
Tags: Tag hinzufügen
Keine Tags, Fügen Sie das erste Tag hinzu!

MARC

LEADER 00000naa a2200000 4500
001 0215887
005 20240502073611.9
041 0 |a eng 
044 |a SK 
245 1 0 |a Baku/Paris  |c Mária Kusá ; Preklad: Zuzana Močková Lorková 
520 |a Cenzúra arménskeho spisovateľa Aikrama Aylisliho v Azerbajdžane. Reakcia francúzskych vydavateľstiev na publikovanie o udalostiach genocídy Arméncov v Azerbajdžane. 
610 2 0 |a národ 
610 2 0 |a politika národnostná 
610 2 0 |a Arménsko 
610 2 0 |a Azerbajdžan 
610 2 0 |a literatúra 
100 1 |a Kusá, Mária 
700 1 |a Močková Lorková, Zuzana